| 000 | 01021nac a22002411u 4500 | ||
|---|---|---|---|
| 008 | 080806t xxu||||| |||| 00| 0 eng d | ||
| 010 | _a 2003054875 | ||
| 020 | _a0194378136 | ||
| 020 | _a9780194378130 | ||
| 082 | 0 | 0 |
_a428.24 _bPAV |
| 100 |
_aPavlik, Cheryl, _920485 |
||
| 245 | 1 | 0 |
_aGrammar Sense 1 / _cCheryl Pavlik; Series director Susan Kesner Bland |
| 246 | 3 | _aGrammar sense one | |
| 260 |
_aNew York : _bOxford University Press,2004 _c2004. |
||
| 300 |
_a1 CD-ROM : _bsd., col.; _c4 3/4 in. + _e1 Student's book (xvii, 396 p. : ill. (some col.) ; 25 cm.) |
||
| 500 | _aIncludes index. | ||
| 511 | _acatalogued by: wessam | ||
| 650 | 0 |
_aEnglish language _vTextbooks for foreign speakers. _920486 |
|
| 650 | 0 |
_aEnglish language _xGrammar _vProblems, exercises, etc. _920487 |
|
| 700 | 1 |
_aBland, Susan Kesner. _920488 |
|
| 942 |
_cCDR _k428.24PAV _2ddc |
||
| 999 |
_c14779 _d14779 |
||